[Event "VIE-ch U09 Girls"]
[Site "Ho Chi Minh City"]
[Date "2014.07.13"]
[Round "2"]
[White "Nguyen, Phuong Anh"]
[Black "Nguyen, Thi Thanh Ngan"]
[Result "0-1"]
[WhiteElo "1603"]
[BlackElo "1577"]
[PlyCount "94"]
[EventDate "2014.07.13"]
[EventType "swiss"]
[EventRounds "9"]
[EventCountry "VIE"]
[SourceTitle "EXT 2016"]
[Source "ChessBase"]
[SourceDate "2015.10.08"]
[SourceVersion "1"]
[SourceVersionDate "2015.10.08"]
[SourceQuality "1"]

1. e4 e5 2. Nf3 Nc6 3. Nc3 Nf6 4. Bc4 Bc5 5. h3 0-0 6. 0-0 d6 7. d3 h6 8. Nh4 Nd7 9. Qg4 Nb6 10. Qg6 Nxc4 11. Qg3 Kh7 12. dxc4 Nd4 13. Rd1 Nxc2 14. Rb1 Nd4 15. a3 Be6 16. b4 Bb6 17. Re1 c5 18. bxc5 Bxc5 19. Nd5 Bxd5 20. exd5 Nc2 21. Nf5 Qf6 22. Bxh6 gxh6 23. Qd3 Nxe1 24. Rxe1 Kh8 25. Qf3 Rg8 26. g3 Rg7 27. Re4 Rg5 28. g4 h5 29. Kg2 hxg4 30. hxg4 a6 31. Qh3+ Kg8 32. Nh6+ Kf8 33. Qh4 b5 34. cxb5 axb5 35. Re1 Rxa3 36. Rb1 b4 37. Nf5 b3 38. Qh3 Bd4 39. Nxd4 exd4 40. Qg3 Qg6 41. Kh3 Qxb1 42. Qh4 Qd3+ 43. Kg2 b2 44. Qh6+ Ke8 45. Qh8+ Kd7 46. Qf8 Rxg4+ 47. Kh1 Qh3# 0-1